000 00494nam a2200205Ia 4500
003 OSt
005 20220926044323.0
006 a|||||r|||| 00| 0
007 ta
008 220923b |||||||| |||| 00| 0 eng d
037 _cGeneral Book
040 _aRTL
_cRTL
_beng
041 _2eng
_aeng
082 _aX:8M691, J1
100 _aGaum C G
_9348826
245 0 _aReport writing
260 _c1951
942 _hX:8M691, J1
_cGB
_2CC
999 _c674521
_d674521